[Event "24th Bosnjaci Open 2019"]
[Site "Bosnjaci"]
[Date "2019.01.08"]
[Round "8.11"]
[White "Lesic, Krunoslav"]
[Black "Andrijevic, Milan"]
[Result "0-1"]
[WhiteElo "2067"]
[BlackElo "2244"]
[Annotator "TA"]
[PlyCount "71"]
[EventDate "2019.01.03"]
[EventType "swiss"]
[EventCountry "CRO"]
[SourceTitle "playchess.com"]
[Source "ChessBase"]
[SourceQuality "1"]

{[%evp 15,71,9,25,-29,-31,-77,-54,-171,-122,-135,-125,-173,-184,-176,-177,-176,-166,-222,-186,-199,-187,-215,-194,-255,-257,-306,-258,-253,-207,-193,-207,-214,-217,-193,-140,-124,-80,-110,-109,-579,-577,-554,-528,-731,-728,-722,-683,-2958,-2646,-1667,-1234,-29989,-1195,-29990,-29945,-29993,-29994,-29994]} 1. e4 c5 2. Nf3 e6 3. c3 d5 4. exd5 Qxd5 5. d4 Nc6 6. Na3 Qd8 7. Bf4 Nf6 8. dxc5 Nd5 {LiveBook: 25 Games} 9. Qc1 $146 {B22: Sicilian: 2 c3} (9. Bg3 $142) ({Predecessor:} 9. Bd6 Bxd6 10. cxd6 Qxd6 11. Nb5 Qe7 12. c4 a6 13. Nbd4 Ndb4 14. a3 Nxd4 15. Nxd4 Nc6 16. Nxc6 bxc6 {½-½ (31) Khamrakulov,I (2604)-Huerga Leache,M (2440) Ayamonte 2007}) 9... Bxc5 $11 10. b4 Be7 11. Be2 (11. Bd2 $15) 11... a5 12. Nb5 axb4 13. c4 Nxf4 14. Qxf4 {Nc7+ is the strong threat.} O-O 15. O-O {[#]} e5 $1 {[%mdl 512]} 16. Qe4 (16. Qe3 {is a better defense.}) (16. Nxe5 Nxe5) 16... Be6 17. Rfd1 Qb8 18. Qe3 h6 19. h3 (19. Bf1 {might work better.}) 19... f5 $19 20. Qb6 Ra6 21. Qc7 {and the idea Qxb8 leaves White hopeful.} e4 22. Qxb8 Rxb8 ({Don't take} 22... Nxb8 23. Nfd4 $17) 23. Nfd4 Nxd4 24. Nxd4 Bf6 ({Better is} 24... Bf7 $19 25. Nxf5 Bc5) 25. Rab1 $17 Rxa2 26. Nxe6 {Strongly threatening Bh5.} Rxe2 27. Nd4 $2 {[%mdl 8192]} (27. Rxb4 $17 Rc2 28. c5) 27... Bxd4 $1 $19 28. Rxd4 {[%mdl 4096] Endgame KRR-KRR} Ra8 29. Rd5 f4 30. Rf5 {[#]} b3 $1 {[%mdl 64] Deflection} 31. Rxb3 Ra1+ 32. Kh2 Rxf2 33. Rxb7 Raa2 (33... f3 $142 34. Rxf3 exf3 35. Rb8+ Kh7 36. Kg3 {[#]} fxg2 $1 {[%mdl 512]} 37. Kxf2 g1=Q+ 38. Kf3 Ra3+ 39. Rb3 Rxb3+ 40. Ke4 Qc5 41. Kf4 g5+ 42. Kg4 Qc8+ 43. Kh5 Rxh3#) 34. Rb8+ Kh7 35. Rbf8 Rxg2+ 36. Kh1 {Accuracy: White = 25%, Black = 61%.} 0-1

[Event "24th Bosnjaci Open 2019"]
[Site "Bosnjaci"]
[Date "2019.01.08"]
[Round "8.12"]
[White "Sipic, Hrvoje"]
[Black "Pasalic, Adnan"]
[Result "1/2-1/2"]
[WhiteElo "2213"]
[BlackElo "1973"]
[Annotator "TA"]
[PlyCount "55"]
[EventDate "2019.01.03"]
[EventType "swiss"]
[EventCountry "CRO"]
[SourceTitle "playchess.com"]
[Source "ChessBase"]
[SourceQuality "1"]

{[%evp 24,55,48,21,45,0,13,-7,0,-26,3,-47,-39,-36,0,-31,-26,-57,-56,-40,-34,-64,-29,-81,-86,-81,-22,-27,-28,-39,-20,-20,0,0]} 1. d4 e6 2. Bf4 Nf6 3. Nf3 b6 4. Nbd2 Bb7 5. e3 Be7 6. h3 O-O 7. Bd3 c5 8. c3 cxd4 9. exd4 d6 10. O-O Nbd7 {A47: 1 d4 Nf6 2 Nf3 b6: Torre, London and Colle Systems} 11. Re1 (11. Qe2 a6 12. a4 Re8 13. Bh2 h6 14. Rfe1 Bf8 15. Nc4 Qc7 16. Ne3 Nd5 17. Nxd5 Bxd5 18. Bxa6 Bxf3 19. gxf3 {1-0 (34) Carlsen,M (2837)-Akobian,V (2647) Riadh 2017}) 11... Re8 12. a4 a6 13. Qb3 {LiveBook: 5 Games} Bf8 {[#]} 14. Bg5 $146 ({Predecessor:} 14. Ne4 Nxe4 15. Bxe4 Bxe4 16. Rxe4 {½-½ (65) Kantans,T (2510)-Haria,R (2441) Stockholm 2018}) 14... Qc7 15. Rad1 h6 16. Bh4 Rab8 17. Bb1 b5 18. axb5 axb5 (18... Bxf3 $5 19. Nxf3 Rxb5 $11) 19. Qc2 g6 20. g4 Bg7 21. Bg3 Qc6 22. Qd3 Rbc8 (22... Nb6 {feels hotter.} 23. b3 Nbd7 24. c4 bxc4 25. bxc4 e5) 23. Ne4 (23. Qf1 $11 {remains equal.}) 23... Nxe4 $17 24. Qxe4 Qxe4 (24... Qb6 $17 25. Qe2 b4 26. cxb4 Qxb4) 25. Bxe4 $11 Bxe4 26. Rxe4 d5 27. Ree1 Ra8 28. Ra1 {Precision: White = 14%, Black = 50%.} 1/2-1/2

[Event "24th Bosnjaci Open 2019"]
[Site "Bosnjaci"]
[Date "2019.01.08"]
[Round "8.13"]
[White "Duda, Daniel"]
[Black "Ljikar, Zoran"]
[Result "1/2-1/2"]
[WhiteElo "1991"]
[BlackElo "2207"]
[Annotator "RC"]
[PlyCount "31"]
[EventDate "2019.01.03"]
[EventType "swiss"]
[EventCountry "CRO"]
[SourceTitle "playchess.com"]
[Source "ChessBase"]
[SourceQuality "1"]
[TimeControl "5400+30"]

1. d4 {[%emt 0:00:30]} f5 {[%emt 0:01:30]} 2. g3 {[%emt 0:00:00]} Nf6 {[%emt 0:00:30]} 3. Bg2 {[%emt 0:00:00]} d6 {[%emt 0:00:00]} 4. Nf3 {[%emt 0:00:30]} g6 {[%emt 0:00:00]} 5. O-O {[%emt 0:01:30]} Bg7 {[%emt 0:00:00]} 6. b3 {[%emt 0:02:30]} O-O {[%emt 0:05:00]} 7. Bb2 {[%emt 0:01:30]} c6 {[%emt 0:00:30]} 8. Nbd2 {[%emt 0:06:30]} Nbd7 {[%emt 0:06:30]} 9. c4 {[%emt 0:05:30]} Qe8 {[%emt 0:00:30]} 10. e4 {[%emt 0:08:30]} fxe4 {[%emt 0:03:30]} 11. Ng5 {[%emt 0:03:30]} e3 {[%emt 0:03:30]} 12. fxe3 {[%emt 0:02:30]} e5 {[%emt 0:00:00]} 13. Nde4 {[%emt 0:14:30]} Nxe4 {[%emt 0:16:00]} 14. Nxe4 {[%emt 0:03:30]} Rxf1+ {[%emt 0:00:30]} 15. Qxf1 {[%emt 0:01:30]} Qe7 {[%emt 0:00:30]} 16. Rd1 {[%emt 0:08:30]} 1/2-1/2

[Event "24th Bosnjaci Open 2019"]
[Site "Bosnjaci"]
[Date "2019.01.08"]
[Round "8.14"]
[White "Tomas, Ante"]
[Black "Jelic, Ivan"]
[Result "1-0"]
[WhiteElo "2102"]
[BlackElo "1937"]
[Annotator "NA"]
[PlyCount "41"]
[EventDate "2019.01.03"]
[EventType "swiss"]
[EventCountry "CRO"]
[SourceTitle "playchess.com"]
[Source "ChessBase"]
[SourceQuality "1"]
[TimeControl "5400+30"]

{[%evp 15,39,13,73,80,131,32767,32767,32767,136,106,129,127,155,133,173,174,372,432,389,434,399,439,434,362,349,360]} 1. Nf3 {[%emt 0:00:30]} d5 {[%emt 0:00:30]} 2. d4 {[%emt 0:01:30]} Nf6 {[%emt 0:01:30]} 3. c4 {[%emt 0:00:30]} e6 {[%emt 0:02:30]} 4. g3 {[%emt 0:00:30]} c5 {[%emt 0:03:30]} 5. cxd5 {[%emt 0:04:30]} Nxd5 {[%emt 0:01:30]} 6. Bg2 {[%emt 0:00:30]} cxd4 {[%emt 0:01:30] E01: Catalan: Early deviations} 7. O-O {[%emt 0:03:30]} Bc5 {[%emt 0:06:30]} 8. Nxd4 {[%emt 0:06:30] LiveBook: 10 Games} Bxd4 $146 {[%emt 0:03:30]} ({Predecessor:} 8... O-O 9. Nc3 Bb6 10. Nxd5 exd5 11. Be3 Nc6 12. Rc1 Qf6 13. Nxc6 bxc6 {½-½ (31) Buhmann,R (2594)-Sebenik,M (2543) Austria 2012}) 9. Qxd4 {[%emt 0:00:30]} Qf6 {[%emt 0:03:30]} ({Better is} 9... O-O $14) 10. Qxf6 {[%emt 0:10:30]} Nxf6 {[%emt 0:00:30]} 11. Nc3 {[%emt 0:00:30]} O-O {[%emt 0:04:30]} 12. Bg5 {[%emt 0:03:30]} Nbd7 {[%emt 0:02:30]} 13. Nb5 {[%emt 0:04:30]} a6 {[%emt 0:09:30]} 14. Nd6 {[%emt 0:02:30]} Rb8 {[%emt 0:00:30]} 15. Rac1 {[%emt 0:03:30]} Nd5 $2 {[%emt 0:10:30]} (15... b6 16. b4 a5) 16. Bxd5 {[%emt 0:00:30]} exd5 {[%emt 0:00:30]} 17. Be7 {[%emt 0:00:30] Trapped Piece} Nb6 {[%emt 0:00:30]} 18. Bxf8 {[%emt 0:00:30]} Kxf8 {[%emt 0:01:30]} 19. Nxc8 {[%emt 0:00:30]} Nxc8 {[%emt 0:00:30]} 20. Rfd1 $18 {[%emt 0:02:30]} Nb6 {[%emt 0:04:30]} 21. Rc7 {[%emt 0:01:30]} 1-0

[Event "24th Bosnjaci Open 2019"]
[Site "Bosnjaci"]
[Date "2019.01.08"]
[Round "8.15"]
[White "Borzan, Andrej"]
[Black "Ascic, Anto"]
[Result "1/2-1/2"]
[WhiteElo "1818"]
[BlackElo "2093"]
[Annotator "NA"]
[PlyCount "51"]
[EventDate "2019.01.03"]
[EventType "swiss"]
[EventCountry "CRO"]
[SourceTitle "playchess.com"]
[Source "ChessBase"]
[SourceQuality "1"]
[TimeControl "5400+30"]

1. d4 {[%emt 0:00:30]} Nf6 {[%emt 0:00:30]} 2. c4 {[%emt 0:00:00]} e6 {[%emt 0:00:00]} 3. Nc3 {[%emt 0:00:00]} b6 {[%emt 0:01:00]} 4. Bg5 {[%emt 0:00:30]} Bb7 {[%emt 0:00:30]} 5. e3 {[%emt 0:00:30] A50: Queen's Fianchetto Defence (1 d4 Nf6 2 c4 b6)} Be7 {[%emt 0:00:30]} 6. f3 {[%emt 0:01:30]} (6. Nf3 Ne4 7. Nxe4 Bxe4 8. h4 Bxg5 9. Nxg5 Bb7 10. d5 Qe7 11. Qd2 Na6 12. Rd1 h6 13. Nf3 Nc5 14. Be2 a5 {½-½ (49) Akobian,V (2673)-Stupak,K (2564) Khanty-Mansiysk 2017}) 6... c5 $146 {[%emt 0:00:00]} ({Predecessor:} 6... d5 7. Bd3 O-O 8. Qc2 Nbd7 9. Nge2 dxc4 10. Bxc4 Nd5 11. Bxd5 Bxd5 12. Bxe7 Qxe7 {1-0 (61) Kvisth,B (1752)-Paetzke,B (1279) Rostock 2016}) 7. Bd3 {[%emt 0:01:30]} Nc6 {[%emt 0:02:00]} 8. Nge2 {[%emt 0:00:30]} O-O {[%emt 0:05:30]} 9. O-O {[%emt 0:01:30]} d6 {[%emt 0:00:30]} 10. a3 {[%emt 0:01:30]} Rc8 {[%emt 0:09:30]} 11. Qc2 {[%emt 0:01:30]} h6 {[%emt 0:00:00]} 12. Bh4 {[%emt 0:00:30]} cxd4 {[%emt 0:05:00]} 13. exd4 {[%emt 0:00:00]} Na5 {[%emt 0:01:30]} 14. b3 {[%emt 0:02:00]} d5 {[%emt 0:02:30]} 15. Qa2 {[%emt 0:08:30]} Ba6 {[%emt 0:05:30]} 16. Nb5 {[%emt 0:03:30]} Qd7 {[%emt 0:00:30]} 17. Rab1 {[%emt 0:00:30]} Rc6 {[%emt 0:18:30]} (17... dxc4 $15 18. bxc4 e5) 18. Rfc1 {[%emt 0:03:30]} Rfc8 {[%emt 0:00:30]} 19. a4 {[%emt 0:01:30]} Bb4 {[%emt 0:02:30]} (19... Ra8 $11) 20. Rc2 {[%emt 0:02:30]} (20. Bxf6 $1 $14 gxf6 21. Rd1) 20... Ne8 {[%emt 0:09:30]} 21. Be1 {[%emt 0:04:30]} Bxe1 {[%emt 0:00:30]} 22. Rxe1 {[%emt 0:00:30]} Nd6 {[%emt 0:01:30] [#]} (22... dxc4 $11 {remains equal.} 23. bxc4 Nf6) 23. Rec1 {[%emt 0:00:30]} (23. c5 $1 $16 {[%mdl 512]}) 23... dxc4 $11 {[%emt 0:03:30]} 24. bxc4 {[%emt 0:00:30]} Bxb5 {[%emt 0:01:30]} 25. cxb5 {[%emt 0:00:30]} Rxc2 {[%emt 0:02:30]} 26. Rxc2 {[%emt 0:00:00]} 1/2-1/2

[Event "24th Bosnjaci Open 2019"]
[Site "Bosnjaci"]
[Date "2019.01.08"]
[Round "8.16"]
[White "Dabic, Stjepan"]
[Black "Mikic, Ivana"]
[Result "1-0"]
[WhiteElo "2077"]
[BlackElo "1739"]
[Annotator "NA"]
[PlyCount "91"]
[EventDate "2019.01.03"]
[EventType "swiss"]
[EventCountry "CRO"]
[SourceTitle "playchess.com"]
[Source "ChessBase"]
[SourceQuality "1"]
[TimeControl "5400+30"]

1. d4 {[%emt 0:00:30]} Nf6 {[%emt 0:00:30]} 2. c4 {[%emt 0:00:00]} e6 {[%emt 0:00:00]} 3. Nc3 {[%emt 0:00:00]} Bb4 {[%emt 0:00:00]} 4. Bd2 {[%emt 0:00:30]} O-O {[%emt 0:00:30]} 5. e3 {[%emt 0:00:00]} d5 {[%emt 0:00:30]} 6. Nf3 {[%emt 0:00:00] LiveBook: 246 Games} c5 {[%emt 0:00:30]} 7. Bd3 {[%emt 0:02:30]} dxc4 {[%emt 0:00:30]} 8. Bxc4 {[%emt 0:00:00]} cxd4 {[%emt 0:00:30]} 9. exd4 {[%emt 0:00:00]} b6 {[%emt 0:01:30]} 10. a3 {[%emt 0:01:30]} Be7 {[%emt 0:01:30]} 11. O-O {[%emt 0:00:30]} Bb7 {[%emt 0:00:30]} 12. Be3 {[%emt 0:00:30]} Nc6 {[%emt 0:00:30]} 13. Qe2 {[%emt 0:00:30]} Rc8 {[%emt 0:01:30] B14: Caro-Kann: Panov-Botvinnik Attack with 5...e6 and 5...g6} 14. Rfd1 {[%emt 0:03:30]} (14. Bd3 Nd5 15. Rad1 Na5 16. Ne4 Nf6 17. Nc3 Nd5 18. Ne4 Nf6 19. Nxf6+ Bxf6 20. Ne5 Qd5 21. Qg4 g6 22. f3 {0-1 (35) Flores,D (2558)-Vescovi,G (2617) Linares 2008}) 14... Na5 {[%emt 0:01:30]} 15. Ba6 {[%emt 0:03:30]} Nd5 {[%emt 0:06:30]} 16. Bxb7 {[%emt 0:02:30]} Nxc3 $146 {[%emt 0:00:30]} ({Predecessor:} 16... Nxb7 17. Nxd5 Qxd5 18. Qa6 Bd6 19. Rdc1 Bb8 20. b4 Nd6 21. Ne5 {1-0 (44) Davidenko,H (2080)-Iliopoulos,A (2045) Kallithea 2003}) 17. bxc3 {[%emt 0:00:00]} Nxb7 {[%emt 0:00:30]} 18. c4 {[%emt 0:01:00]} Na5 {[%emt 0:00:30]} 19. Nd2 {[%emt 0:00:30]} Bf6 {[%emt 0:03:30]} 20. Rab1 {[%emt 0:06:30]} Qe7 {[%emt 0:03:30]} 21. c5 $1 {[%emt 0:02:30]} bxc5 {[%emt 0:04:30]} 22. dxc5 {[%emt 0:00:30]} Bg5 {[%emt 0:11:30]} 23. f4 {[%emt 0:02:30]} Bf6 {[%emt 0:00:30]} 24. Ne4 {[%emt 0:01:30]} Rfd8 {[%emt 0:05:30]} 25. Qa6 {[%emt 0:05:30]} Nc6 {[%emt 0:08:30]} 26. Rd6 {[%emt 0:04:30]} Nb8 {[%emt 0:03:30]} 27. Qb7 {[%emt 0:04:30]} Qxb7 {[%emt 0:05:30]} 28. Rxb7 {[%emt 0:00:30]} a6 {[%emt 0:01:30]} 29. Rdb6 {[%emt 0:01:30]} Nd7 {[%emt 0:03:30]} 30. Rxa6 {[%emt 0:01:30]} Be7 {[%emt 0:01:30]} 31. Nd6 {[%emt 0:14:30]} Rb8 {[%emt 0:07:30]} 32. Raa7 {[%emt 0:02:30]} Rxb7 {[%emt 0:02:30]} 33. Rxb7 {[%emt 0:01:30]} (33. Nxb7 $142 Rc8 34. Nd6) 33... Bxd6 {[%emt 0:00:30]} (33... Kf8 $16 {was necessary.}) 34. cxd6 {[%emt 0:00:30]} h6 {[%emt 0:01:30]} 35. Bd2 {[%emt 0:07:30]} ({Better is} 35. Ba7 $18) 35... Nc5 {[%emt 0:01:30]} 36. Rb6 {[%emt 0:00:30]} Rc8 {[%emt 0:01:30]} 37. Kf1 {[%emt 0:03:30]} Ne4 {[%emt 0:01:30]} 38. Bb4 {[%emt 0:00:30]} Nf6 {[%emt 0:01:30]} 39. g3 {[%emt 0:05:30]} Nd5 $2 {[%emt 0:00:30] [#]} (39... Rd8 40. Rc6 Ra8) 40. Rc6 $1 {[%emt 0:00:30]} Rd8 {[%emt 0:00:45]} 41. Ba5 {[%emt 0:01:30]} Rd7 {[%emt 0:00:32]} 42. Bc7 {[%emt 0:01:30]} Kf8 {[%emt 0:01:23]} 43. a4 {[%emt 0:00:00]} Ke8 {[%emt 0:00:09]} 44. a5 {[%emt 0:00:00]} f6 $18 {[%emt 0:01:04]} 45. a6 {[%emt 0:00:00]} Nxc7 {[%emt 0:00:51]} 46. dxc7 {[%emt 0:00:00]} 1-0

[Event "24th Bosnjaci Open 2019"]
[Site "Bosnjaci"]
[Date "2019.01.08"]
[Round "8.17"]
[White "Boban, Sten"]
[Black "Kolanovic, Kazimir"]
[Result "1-0"]
[WhiteElo "2105"]
[BlackElo "1851"]
[Annotator "TA"]
[PlyCount "35"]
[EventDate "2019.01.03"]
[EventType "swiss"]
[EventCountry "CRO"]
[SourceTitle "playchess.com"]
[Source "ChessBase"]
[SourceQuality "1"]

{[%evp 14,35,12,2,32,29,66,52,63,36,49,55,132,126,134,125,210,209,337,330,381,401,1183,1164]} 1. d4 Nf6 2. Nf3 g6 3. g3 d5 4. Bg2 Bg7 5. O-O O-O 6. c4 dxc4 7. Qa4 {D77: Fianchetto Grünfeld: 6 0-0: Replies other than 6...c6} (7. Na3 c5 8. Nxc4 Be6 9. Nce5 cxd4 10. Qxd4 Qxd4 11. Nxd4 Bd5 12. Rd1 Bxg2 13. Kxg2 Rd8 14. Bf4 Nd5 15. Ndf3 Na6 16. Bd2 {½-½ (35) Nakamura,H (2777)-Caruana,F (2822) Saint Louis 2018}) 7... c5 8. dxc5 {LiveBook: 5 Games} Qc7 9. Qxc4 {White is slightly better.} Na6 10. c6 Be6 11. Qh4 $146 ({Predecessor:} 11. Qa4 Qxc6 12. Qxc6 bxc6 13. Nd4 Bd5 14. Nxc6 Rfe8 15. Nc3 Bxg2 16. Kxg2 {1-0 (71) Foisor,C (2394)-Pancu,A (1970) Calimanesti 2015}) 11... Qxc6 12. Nc3 Qc8 (12... Nc7 $14) 13. Bh6 $16 Nc7 14. Rac1 Bxh6 (14... Bd7 $16 {keeps fighting.} 15. Bxg7 Kxg7) 15. Qxh6 $18 Nce8 (15... Ng4 $142 16. Qh4 Qb8 17. Qxe7 Re8) 16. Ng5 Qc7 17. e4 Ng7 (17... Qa5 $142 18. Rfe1 Qe5) 18. Nd5 {[%mdl 64] Discovered Attack (Double check). Accuracy: White = 72%, Black =  0%.} 1-0

[Event "24th Bosnjaci Open 2019"]
[Site "Bosnjaci"]
[Date "2019.01.08"]
[Round "8.18"]
[White "Dinic, Nenad"]
[Black "Potlimbrzovic, Zdenko"]
[Result "1/2-1/2"]
[WhiteElo "1881"]
[BlackElo "2094"]
[Annotator "NA"]
[PlyCount "39"]
[EventDate "2019.01.03"]
[EventType "swiss"]
[EventCountry "CRO"]
[SourceTitle "playchess.com"]
[Source "ChessBase"]
[SourceQuality "1"]
[TimeControl "5400+30"]

{[%evp 22,39,92,44,81,45,44,45,39,31,56,40,50,43,52,46,45,37,41,37]} 1. e4 {[%emt 0:01:30]} d6 {[%emt 0:00:30]} 2. d4 {[%emt 0:00:00]} Nf6 {[%emt 0:00:30]} 3. Nc3 {[%emt 0:00:00]} g6 {[%emt 0:01:30]} 4. f4 {[%emt 0:00:30]} Bg7 {[%emt 0:00:30]} 5. e5 {[%emt 0:01:30]} dxe5 {[%emt 0:00:30]} 6. dxe5 {[%emt 0:00:30]} Qxd1+ {[%emt 0:00:30]} 7. Kxd1 {[%emt 0:00:30]} Ng4 {[%emt 0:00:30]} 8. Ke1 {[%emt 0:00:30]} c6 {[%emt 0:02:30]} 9. h3 {[%emt 0:04:30]} Nh6 {[%emt 0:00:00] B09: Pirc Defence: Austrian Attack} 10. g4 {[%emt 0:00:30]} (10. Nf3 Nd7 11. g4 Nb6 12. Rh2 Bd7 13. Be3 f6 14. Rd2 Nf7 15. Rad1 O-O-O 16. exf6 exf6 17. Bd4 {½-½ (103) Rogulj,B (2380)-Kristovic,M (2284) Zagreb 2016}) 10... Be6 {[%emt 0:03:00]} 11. Be3 {[%emt 0:04:30]} Nd7 $146 {[%emt 0:10:30]} ({Predecessor:} 11... f6 12. exf6 exf6 13. Rh2 Kf7 14. Rd2 Re8 15. Ne4 Bf8 16. f5 Bd5 17. Nd6+ Bxd6 18. Kf2 Rxe3 19. Kxe3 Bc5+ {0-1 (19) Gross,O-Bock,K Dortmund 1987}) 12. Bg2 {[%emt 0:13:30]} ({Better is} 12. Nf3 $16) 12... Nb6 {[%emt 0:09:30]} 13. Rd1 {[%emt 0:02:30]} f6 {[%emt 0:07:30]} 14. exf6 {[%emt 0:11:30]} exf6 {[%emt 0:00:30]} 15. Nge2 {[%emt 0:02:30]} f5 {[%emt 0:04:30]} 16. g5 {[%emt 0:01:30]} Nf7 {[%emt 0:00:30]} 17. b3 {[%emt 0:05:30]} O-O {[%emt 0:02:30]} 18. Kf2 {[%emt 0:02:30]} Rfd8 {[%emt 0:00:30]} 19. Rxd8+ {[%emt 0:00:30]} Rxd8 {[%emt 0:00:30]} 20. Rd1 $14 {[%emt 0:00:30]} 1/2-1/2

[Event "24th Bosnjaci Open 2019"]
[Site "Bosnjaci"]
[Date "2019.01.08"]
[Round "8.19"]
[White "Mutapcic, Ilija"]
[Black "Caric, Mato"]
[Result "1/2-1/2"]
[WhiteElo "1836"]
[BlackElo "2088"]
[Annotator "NA"]
[PlyCount "39"]
[EventDate "2019.01.03"]
[EventType "swiss"]
[EventCountry "CRO"]
[SourceTitle "playchess.com"]
[Source "ChessBase"]
[SourceQuality "1"]
[TimeControl "5400+30"]

1. e4 {[%emt 0:00:30]} c5 {[%emt 0:00:30]} 2. Nf3 {[%emt 0:00:30]} d6 {[%emt 0:00:30]} 3. d4 {[%emt 0:00:00]} cxd4 {[%emt 0:00:00]} 4. Nxd4 {[%emt 0:00:00]} Nf6 {[%emt 0:00:00]} 5. f3 {[%emt 0:01:30]} a6 {[%emt 0:00:30]} 6. c3 {[%emt 0:00:30]} e5 {[%emt 0:00:30]} 7. Ne2 {[%emt 0:00:30]} b5 {[%emt 0:00:30]} 8. Bg5 {[%emt 0:00:30]} Qb6 {[%emt 0:00:00]} 9. Bxf6 {[%emt 0:00:30]} gxf6 {[%emt 0:00:00]} 10. Ng3 {[%emt 0:00:30]} Be6 {[%emt 0:00:00]} 11. a3 {[%emt 0:01:30]} Nc6 {[%emt 0:00:00]} 12. Nd2 {[%emt 0:00:30]} Rd8 {[%emt 0:00:30]} 13. b3 {[%emt 0:02:30]} Be7 {[%emt 0:00:30]} 14. Qc2 {[%emt 0:00:30]} Qe3+ {[%emt 0:01:30]} 15. Be2 {[%emt 0:00:00]} Rc8 {[%emt 0:00:30]} 16. Ndf1 {[%emt 0:01:00]} Qc5 {[%emt 0:00:30]} 17. b4 {[%emt 0:00:30]} Qb6 {[%emt 0:00:00]} 18. Qd2 {[%emt 0:00:30]} a5 {[%emt 0:01:00]} 19. Ne3 {[%emt 0:00:30]} Ra8 {[%emt 0:00:30]} 20. Nd5 {[%emt 0:00:30]} 1/2-1/2

[Event "24th Bosnjaci Open 2019"]
[Site "Bosnjaci"]
[Date "2019.01.08"]
[Round "8.21"]
[White "Katic, Zeljko"]
[Black "Pleh, Semir"]
[Result "0-1"]
[WhiteElo "2035"]
[BlackElo "1767"]
[Annotator "NA"]
[PlyCount "74"]
[EventDate "2019.01.03"]
[EventType "swiss"]
[EventCountry "CRO"]
[SourceTitle "playchess.com"]
[Source "ChessBase"]
[SourceQuality "1"]
[TimeControl "5400+30"]

{[%evp 17,74,-175,32767,-10,16,-18,-9,-131,-136,-143,-117,-108,19,21,31,18,20,18,19,15,30,0,51,0,0,-14,-4,-2,3,-28,-23,-183,-250,32767,-225,-280,32767,-258,-282,32767,-246,32767,-341,-442,32767,-469,-491,-513,-515,-508,-379,-612,-644,32767,-676,32767,32767,-29991,-1666]} 1. e4 {[%emt 0:05:30]} c5 {[%emt 0:00:30]} 2. Nf3 {[%emt 0:00:30]} Nc6 {[%emt 0:00:30]} 3. d4 {[%emt 0:01:30]} cxd4 {[%emt 0:00:30]} 4. Nxd4 {[%emt 0:00:30]} Nf6 {[%emt 0:00:00]} 5. f3 {[%emt 0:00:30]} a6 {[%emt 0:01:00] B33: Sicilian: Pelikan and Sveshnikov Variations} (5... d5 6. Bb5 dxe4 7. Nxc6 Qxd1+ 8. Kxd1 a6 9. Nd4+ axb5 10. Nxb5 Kd8 11. N1c3 e5 12. fxe4 Bg4+ 13. Ke1 {½-½ (54) Schuster,P (2541)-Ilyes,P (2549) ICCF email 2003}) 6. Bc4 {[%emt 0:03:30]} e6 {[%emt 0:06:30]} 7. a3 {[%emt 0:01:30]} Bc5 {[%emt 0:00:30]} 8. Be3 {[%emt 0:02:30]} Qb6 {[%emt 0:02:30]} 9. c3 $146 {[%emt 0:06:30]} ({Predecessor:} 9. Nxc6 Bxe3 10. Nb4 Bf2+ 11. Kf1 Bc5 12. Nd3 O-O 13. Nc3 Be7 {½-½ (23) Aakio,S (2123)-Almi,O Finland 2009}) 9... O-O {[%emt 0:02:30]} 10. b4 {[%emt 0:00:30]} Bxd4 {[%emt 0:04:30]} 11. cxd4 {[%emt 0:03:30]} d5 {[%emt 0:00:30]} 12. e5 {[%emt 0:01:30]} (12. exd5 $11 {remains equal.} exd5 13. Be2) 12... Nxe5 {[%emt 0:01:30] Pin} 13. Bb3 {[%emt 0:07:30]} Ng6 {[%emt 0:01:30]} 14. O-O {[%emt 0:01:30]} e5 {[%emt 0:01:30]} (14... Bd7 $17 15. Nc3 Ne8) 15. Nc3 {[%emt 0:00:30]} Be6 {[%emt 0:00:30]} 16. Na4 {[%emt 0:00:30]} Qd6 {[%emt 0:02:30]} 17. dxe5 {[%emt 0:03:30]} Qxe5 {[%emt 0:00:00]} 18. Bd4 {[%emt 0:01:30]} Qg5 {[%emt 0:00:00]} 19. Ra2 {[%emt 0:03:30]} Nh4 {[%emt 0:03:30]} 20. Kh1 {[%emt 0:04:30]} Nf5 {[%emt 0:01:30]} 21. Re2 {[%emt 0:04:30]} Qh6 {[%emt 0:04:30]} 22. Kg1 {[%emt 0:00:30]} Qg5 {[%emt 0:00:30]} 23. Re5 {[%emt 0:03:30]} Qf4 {[%emt 0:04:30]} 24. Bc3 $2 {[%emt 0:03:30]} (24. Bb2 $1 $11 {and White is okay.}) 24... d4 {[%emt 0:07:30]} 25. Rxf5 {[%emt 0:01:30]} Qxf5 {[%emt 0:01:30]} 26. Bc2 {[%emt 0:03:30]} Qf4 {[%emt 0:03:30]} 27. Bd2 {[%emt 0:00:00]} (27. Qxd4 $142 Qxd4+ 28. Bxd4) 27... Qd6 {[%emt 0:00:30]} 28. Nc5 {[%emt 0:00:00]} b6 {[%emt 0:00:30]} 29. Ne4 {[%emt 0:02:30]} Nxe4 {[%emt 0:00:30]} 30. fxe4 {[%emt 0:00:30]} (30. Bxe4 $142 Rac8 31. Qb1) 30... d3 {[%emt 0:01:30]} 31. Bb1 {[%emt 0:02:30]} Qd4+ {[%emt 0:01:30]} 32. Kh1 {[%emt 0:00:30]} Qxe4 {[%emt 0:01:30]} 33. Re1 {[%emt 0:00:00]} Qg4 {[%emt 0:00:30]} 34. Qc1 {[%emt 0:07:00]} (34. Qxg4 $142 Bxg4 35. Bxd3) 34... Bd5 {[%emt 0:00:30]} 35. Rg1 {[%emt 0:00:30]} Qe2 {[%emt 0:01:30]} 36. Be3 {[%emt 0:01:30]} Rac8 {[%emt 0:00:30]} 37. Qe1 {[%emt 0:01:30] [#]} Bxg2+ $19 {[%emt 0:00:30]} 0-1